Direktori majalah-majalah Melayu sebelum merdeka

Bibliographic Details
Main Author: Hamedi Mohd. Adnan (Author)
Format: Book
Published: Kuala Lumpur : Penerbit Universiti Malaya , c2002
Subjects:

MARC

LEADER 00000cam a2200000 7i4500
001 0000044513
005 20170307093000.0
008 080409s2002 myw g 000 0 may
020 |a 9789831001257 
020 |a 9831001257 
090 0 0 |a Z6953.5.M3   |b H3 2002 
100 0 |a Hamedi Mohd. Adnan ,   |e author 
245 1 0 |a Direktori majalah-majalah Melayu sebelum merdeka   |c Hamedi Mohd Adnan 
260 |a Kuala Lumpur :   |b Penerbit Universiti Malaya ,   |c c2002 
300 |a ix, 295 p. ;   |c 22 cm. 
504 |a Bibliography (p. 285-295) 
505 0 |a 1.Pendahuluan-- 2. Direktori majalah-majalah Melayu sebelum merdeka 
650 0 |a Malay periodicals   |z Malaysia   |x Directories 
999 |a 1000110227   |b Book   |c OPEN SHELF (30 DAYS)   |e Gong Badak Campus